Hint | Answer | % Correct |
---|---|---|
44n - 22 = 66 | n = 2 | 100%
|
16n = 80 | n = 5 | 89%
|
92 - n = 42 | n = 50 | 89%
|
38x = 76 | x = 2 | 89%
|
55x = 1100 | x = 20 | 89%
|
9x + 4 = 31 | x = 3 | 89%
|
√x = 6 | x = 36 | 89%
|
5x = 25 | x = 5 | 89%
|
11x = 99 | x = 9 | 89%
|
y^2 = 400 | y = 20 | 89%
|
45 ÷ y = 9 | y = 5 | 89%
|
5.5n = 22 | n = 4 | 78%
|
128 ÷ 16x = 2 | x = 4 | 78%
|
3y • 7 = 63 | y = 3 | 78%
|
√16 = y | y = 4 | 78%
|
Copyright H Brothers Inc, 2008–2024
Contact Us | Go To Top | View Mobile Site